| 000 | 00418nam a2200157Ia 4500 | ||
|---|---|---|---|
| 008 | 230917s9999||||xx |||||||||||||| ||und|| | ||
| 020 | _cRS220 | ||
| 040 |
_e240391 _aMAIN |
||
| 041 | _aEnglish | ||
| 082 | _a346.0486 P272P | ||
| 245 | 0 | _aPatents act, 1970 (39 to 1970) | |
| 260 |
_aGurgaon _bLexis Nexis _c2017 |
||
| 300 | _axiv, 214 p. | ||
| 500 | _a2722 29/05/2017 RBP17/66412 06/06/2017 Main Budget | ||
| 942 | _cBK | ||
| 999 |
_c22697 _d22697 |
||